Impacto de la crisis eléctrica en la República Dominicana : (Registro nro. 14557)

Detalles MARC
000 -LEADER
fixed length control field 01620nam a2200397 i 4500
001 - CONTROL NUMBER
control field 000048204
003 - CONTROL NUMBER IDENTIFIER
control field DO-SdBNP
005 - DATE AND TIME OF LATEST TRANSACTION
control field 20240207101153.0
007 - PHYSICAL DESCRIPTION FIXED FIELD--GENERAL INFORMATION
fixed length control field ta
008 - FIXED-LENGTH DATA ELEMENTS--GENERAL INFORMATION
fixed length control field 181205s2015 dr d r 000 0 spa d
020 ## - INTERNATIONAL STANDARD BOOK NUMBER
International Standard Book Number 9789945472585
040 ## - CATALOGING SOURCE
Original cataloging agency DO-SdBNP
Language of cataloging spa
Transcribing agency BPMSU
Description conventions rda
082 #4 - DEWEY DECIMAL CLASSIFICATION NUMBER
Classification number 333.7932
Item number I34c 2015
Edition number 22
245 00 - TITLE STATEMENT
Title Impacto de la crisis eléctrica en la República Dominicana :
Remainder of title informe sobre los hogares /
Statement of responsibility, etc. investigadores, Fabricio Gómez, Jaqueline Mora, Oliver Cruz, Mariano Jiménez y Jorge Nova ; edición, Fari Rosario.
264 ## - PRODUCTION, PUBLICATION, DISTRIBUTION, MANUFACTURE, AND COPYRIGHT NOTICE
Place of production, publication, distribution, manufacture Santo Domingo :
Name of producer, publisher, distributor, manufacturer INTEC,
Date of production, publication, distribution, manufacture, or copyright notice 2015.
300 ## - PHYSICAL DESCRIPTION
Extent xiv,147 páginas :
Other physical details diágramas ;
Dimensions 23 cm.
336 ## - CONTENT TYPE
Source rdacontent
Content type term texto
Content type code txt
337 ## - MEDIA TYPE
Source rdamedia
Media type term sin mediación
Media type code nc
338 ## - CARRIER TYPE
Source rdacarrier
Carrier type term volumen
Carrier type code n
504 ## - BIBLIOGRAPHY, ETC. NOTE
Bibliography, etc Incluye referencias bibliográficas (páginas 97-99)
590 ## - LOCAL NOTE (RLIN)
Local note Inventariado, 2024/VM
650 #4 - SUBJECT ADDED ENTRY--TOPICAL TERM
Topical term or geographic name as entry element Energía eléctrica
Geographic subdivision República Dominicana.
650 #4 - SUBJECT ADDED ENTRY--TOPICAL TERM
Topical term or geographic name as entry element Consumo de energía eléctrica
Geographic subdivision República Dominicana.
650 #4 - SUBJECT ADDED ENTRY--TOPICAL TERM
Topical term or geographic name as entry element Empresas eléctricas
General subdivision Tarifas
Geographic subdivision República Dominicana.
650 #4 - SUBJECT ADDED ENTRY--TOPICAL TERM
Topical term or geographic name as entry element Distribución de energía eléctrica
Geographic subdivision República Dominicana.
650 #4 - SUBJECT ADDED ENTRY--TOPICAL TERM
Topical term or geographic name as entry element Telecomunicaciones
Geographic subdivision República Dominicana
700 1# - ADDED ENTRY--PERSONAL NAME
Personal name Gómez, Fabricio,
Relator term investigador
700 1# - ADDED ENTRY--PERSONAL NAME
Personal name Mora, Jaqueline,
Relator term investigador
700 1# - ADDED ENTRY--PERSONAL NAME
Personal name Cruz, Oliver,
Relator term investigador
700 1# - ADDED ENTRY--PERSONAL NAME
Personal name Jiménez, Mariano,
Relator term investigador
700 1# - ADDED ENTRY--PERSONAL NAME
Personal name Nova, Jorge,
Relator term investigador
700 1# - ADDED ENTRY--PERSONAL NAME
Personal name Rosario, Fari,
Relator term edición
710 2# - ADDED ENTRY--CORPORATE NAME
Corporate name or jurisdiction name as entry element Instituto Tecnológico de Santo Domingo
910 ## - USER-OPTION DATA (OCLC)
User-option data VMateo V. Control de calidad. BPMSU
942 ## - ADDED ENTRY ELEMENTS (KOHA)
Source of classification or shelving scheme Dewey Decimal Classification
Koha item type Libros
Existencias
Withdrawn status Lost status Source of classification or shelving scheme Damaged status Not for loan Collection code Home library Current library Date acquired Total Checkouts Full call number Barcode Date last seen Price effective from Koha item type Copy number
    Dewey Decimal Classification     Colección Dominicana Biblioteca Pública Metropolitana Salomé Ureña Biblioteca Pública Metropolitana Salomé Ureña 02/07/2024   BPMSU CD 333.7932 I34c 2015 BPMSU24020011 02/07/2024 02/07/2024 Libros  
    Dewey Decimal Classification     Colección Dominicana Biblioteca Pública Metropolitana Salomé Ureña Biblioteca Pública Metropolitana Salomé Ureña 02/07/2024   BPMSU CD 333.7932 I34c 2015 BPMSU24020012 02/07/2024 02/07/2024 Libros e.2
    Dewey Decimal Classification     Colección Dominicana Biblioteca Pública Metropolitana Salomé Ureña Biblioteca Pública Metropolitana Salomé Ureña 02/07/2024   BPMSU CD 333.7932 I34c 2015 BPMSU26020080 02/12/2026 02/07/2024 Libros e.3